[Event "Chigorin Memorial"]
[Site "St Petersburg RUS"]
[Date "2012.11.04"]
[Round "9.26"]
[White "Pakhomov,E"]
[Black "Epishin,V"]
[Result "1/2-1/2"]
[WhiteElo "2458"]
[BlackElo "2574"]

1.Nf3 d5 2.c4 d4 3.e3 dxe3 4.fxe3 Nf6 5.Nc3 g6 6.d4 Bg7 7.Be2 O-O 8.O-O Bg4
9.Qb3 Qc8 10.h3 Be6 11.Ng5 Bd7 12.c5 Nc6 13.d5 Ne5 14.e4 Be8 15.Nf3 Nxf3+
16.Bxf3 c6 17.Be3 Nd7 18.Rad1 Ne5 19.Be2 Bd7 20.Bd4 Qc7 21.Kh1 Rad8 22.Qa3 Qb8
23.b4 f5 24.Qb3 Kh8 25.exf5 gxf5 26.Qb2 Rg8 27.b5 cxb5 28.Bxb5 Bc8 29.Qf2 Ng6
30.Bd3 Rdf8 31.Bc4 Bxd4 32.Rxd4 Rg7 33.d6 exd6 34.cxd6 Bd7 35.Bb5 Qd8 36.Bxd7 Qxd7
37.Ne2 Rf6 38.Rfd1 Rf8 39.R4d2 Rgf7 40.Ng1 b6  1/2-1/2

[Event "Chigorin Memorial"]
[Site "St Petersburg RUS"]
[Date "2012.11.04"]
[Round "9.58"]
[White "Bajarani,U"]
[Black "Zalkind,K"]
[Result "1/2-1/2"]
[WhiteElo "2436"]
[BlackElo "2232"]

1.Nf3 d5 2.c4 c6 3.d4 Nf6 4.e3 Bf5 5.Nc3 e6 6.Nh4 Be4 7.f3 Bg6 8.Qb3 Qc7
9.g4 Be7 10.g5 dxc4 11.Bxc4 Nd5 12.Nxg6 hxg6 13.f4 Rh3 14.Nxd5 cxd5 15.Bf1 Rh4
16.Bd2 Nc6 17.Rc1 Qb6 18.Qc2 O-O-O 19.a3 Kb8 20.b4 Bd6 21.b5 Nxd4 22.exd4 Qxd4
23.Qd3 Qxd3 24.Bxd3 Bxf4 25.Bxf4+ Rxf4 26.Rc2 e5 27.Rf1 Rxf1+ 28.Bxf1 f5
29.gxf6 gxf6 30.Rg2 g5 31.Rf2 Rd6 32.a4 e4 33.Bh3 d4 34.Rc2 Rd8 35.Bf5 d3
36.Rc3 b6 37.Kd1 Rd4 38.Rc8+ Kb7 39.Re8 Rxa4 40.Bxe4+ Kc7 41.Bxd3 Kd6 42.Kc1 Rh4
43.Re2 Kc5 44.Kd2 Kd4 45.Rf2 Ke5 46.Kc3 Rh3 47.Re2+ Kd5 48.Ra2 Ke5 49.Rxa7 Rxh2
50.Re7+ Kf4 51.Re6 Rh6 52.Rxb6 g4 53.Ra6 g3 54.Ra4+ Ke3 55.Bf1 f5 56.Ra2 f4
57.Re2+ Kf3 58.Rb2 Ke3 59.Re2+ Kf3 60.Kd2 Rb6 61.Bg2+ Kg4 62.Bc6 f3 63.Re8 g2
64.Rg8+ Kf4 65.Ke1 Rb8 66.Rg7 Rd8 67.b6 Ke3 68.Re7+ Kd4 69.Kf2 Rg8 70.Re1 Kc5
71.Bxf3  1/2-1/2

[Event "TCh-ESP CECLUB Div Honor 2012"]
[Site "Leon ESP"]
[Date "2012.11.05"]
[Round "1.2"]
[White "Hernando Pertierra,J"]
[Black "Gonzalez de la Torre,S"]
[Result "1/2-1/2"]
[WhiteElo "2375"]
[BlackElo "2441"]

1.Nf3 d5 2.c4 e6 3.b3 Be7 4.Bb2 Bf6 5.Bxf6 Nxf6 6.g3 O-O 7.Bg2 dxc4 8.bxc4 e5
9.Nc3 Re8 10.d3 Nbd7 11.Nd2 Nc5 12.O-O Bf5 13.Nb3 Nfd7 14.Rb1 c6 15.Nxc5 Nxc5
16.Na4 Nxa4 17.Qxa4 Qc7 18.c5 Qe7 19.Rfc1 Rec8 20.Rb2 Rc7 21.Qa5 a6 22.Rc4 Rd8
23.Rcb4 Bc8 24.Rc4 f5 25.Qc3 Rcd7 26.h4 Kh8 27.Kh2 Qf6 28.f4 exf4 29.Qxf6 fxg3+
30.Kxg3 gxf6 31.Bf3 Rd4 32.Rbb4 Rg8+ 33.Kf2 Rxc4 34.Rxc4 Be6 35.Rb4 Rg7 36.a3 Rd7
37.Ke3 Kg7 38.Rd4 Rxd4 39.Kxd4 Kg6 40.Ke3 a5 41.Kf4 Bc8 42.d4 Be6 43.e3 Bd5
44.Bd1 Be4 45.Be2 Kf7 46.Bc4+ Ke7 47.Bg8 h6 48.Bh7 Ke6 49.Bg8+ Ke7  1/2-1/2

[Event "US Chess League 2012"]
[Site "ICC INT"]
[Date "2012.11.07"]
[Round "10"]
[White "Smith,Shaun M"]
[Black "Tanenbaum,Zachary C"]
[Result "1-0"]
[WhiteElo "1936"]
[BlackElo "1926"]

1.Nf3 d5 2.c4 dxc4 3.Qa4+ Nc6 4.Qxc4 Nf6 5.g3 e5 6.Bg2 Be7 7.Ng5 O-O 8.Bxc6 bxc6
9.Qxc6 Rb8 10.O-O Bb7 11.Qc4 Qc8 12.Nc3 c5 13.a3 Qc6 14.f3 Rbd8 15.Qb5 Qc8
16.Qa5 h6 17.Nge4 Qh3 18.Nf2 Qd7 19.d3 Qc6 20.Qa4 Qb6 21.Qb5 Qc7 22.Be3 Rb8
23.Qa4 Bc6 24.Qc2 Nd5 25.Nxd5 Bxd5 26.b4 Rfc8 27.Rfc1 Qd7 28.bxc5 f5 29.Rab1 f4
30.Rxb8 Rxb8 31.gxf4 exf4 32.Bxf4 Rc8 33.d4 Be6 34.Be5 Bf7 35.e4 Qe6 36.Qb2 Bf6
37.Bf4 Bh5 38.Qc3 Qf7 39.Qc4 Bxf3 40.Qxf7+ Kxf7 41.Be3 Bh4 42.Rf1 Ke7 43.Bf4 Bxf2+
44.Rxf2 Bxe4 45.Re2 Kf6 46.Rxe4 Kf5 47.Re7 Kxf4 48.Rxa7 Ke4 49.Rd7 g5 50.Kf2 Rf8+
51.Ke2 h5 52.c6 h4 53.c7 Rc8 54.d5 g4 55.d6 g3 56.hxg3 h3 57.Rh7 Ke5 58.d7 Rxc7
59.d8=Q Rxh7 60.Qg5+ Kd4 61.Qe3+ Kd5 62.Qd3+ Kc5 63.Qxh7 h2 64.Qxh2 Kc4 65.Qh4+  1-0

[Event "TCh-ESP CECLUB Div Honor 2012"]
[Site "Leon ESP"]
[Date "2012.11.08"]
[Round "4.1"]
[White "Fluvia Poyatos,Jor"]
[Black "Ibarra Jerez,JC"]
[Result "0-1"]
[WhiteElo "2467"]
[BlackElo "2528"]

1.Nf3 d5 2.c4 d4 3.b4 f6 4.e3 e5 5.c5 a5 6.Bb5+ c6 7.Bc4 axb4 8.Nxe5 Nh6
9.Nd3 Bf5 10.Nf4 Na6 11.Bb2 dxe3 12.fxe3 Nxc5 13.O-O Qd7 14.Qh5+ Kd8 15.d4 Na4
16.Qe2 Bd6 17.a3 Nxb2 18.Qxb2 Re8 19.axb4 Rxa1 20.Qxa1 Rxe3 21.Nd2 Bxb4 22.Nf3 Bd6
23.Nd2 Qc7 24.g3 Qb6 25.Kg2 Qb4 26.Qd1 b5 27.Be2 Qxd4 28.Bf3 Bxf4 29.gxf4 Rd3
30.Rf2 Ng4 31.Bxg4 Bxg4 32.Qc1 Qc3 33.Qe1 b4  0-1

[Event "WY BU14 2012"]
[Site "Maribor SLO"]
[Date "2012.11.08"]
[Round "1.8"]
[White "Aguilar,Luis Miguel"]
[Black "Karthikeyan,M2"]
[Result "0-1"]
[WhiteElo "1882"]
[BlackElo "2329"]

1.Nf3 d5 2.c4 e6 3.g3 Nf6 4.Bg2 Be7 5.b3 O-O 6.Bb2 c5 7.O-O Nc6 8.e3 b6 9.Nc3 dxc4
10.bxc4 Bb7 11.Qe2 Rc8 12.Rfd1 Ba6 13.Nb5 Nd7 14.Rac1 Bf6 15.d4 cxd4 16.Nfxd4 Na5
17.Nd6 Rb8 18.Bc3 Ne5 19.Bxa5 bxa5 20.Ne4 Qc8 21.Nxf6+ gxf6 22.Qc2 Qxc4 23.Qxc4 Nxc4
24.Nc6 Rb6 25.Rd7 Bb5 26.Ne7+ Kg7 27.Rxa7 Rd8 28.Bf1 Ne5 29.Bxb5 Rxb5 30.a4 Rb2
31.Rc8 Rd1+ 32.Kg2 Rdd2 33.Rg8+ Kh6 34.g4 Rxf2+ 35.Kh3 Rf3+ 36.Kh4 Rxh2+  0-1

[Event "Subzonal 2.3 2012"]
[Site "Pamplona COL"]
[Date "2012.11.08"]
[Round "7.28"]
[White "Portnoy Cruz,I"]
[Black "Arango,Elis"]
[Result "0-1"]
[WhiteElo "2092"]
[BlackElo "1931"]

1.Nf3 d5 2.c4 e6 3.d4 Nf6 4.g3 Bd6 5.Nbd2 c6 6.b3 Bb4 7.Bb2 Ne4 8.a3 Bxd2+
9.Nxd2 f5 10.Bg2 O-O 11.O-O Nxd2 12.Qxd2 Nd7 13.Rad1 Nf6 14.Rfe1 Ne4 15.Qc2 Ng5
16.f3 f4 17.Bc1 fxg3 18.hxg3 Nf7 19.Bf4 Bd7 20.e4 Rc8 21.c5 Qf6 22.e5 Qe7
23.Kf2 Ng5 24.Rh1 h6 25.Bf1 Rf7 26.Be2 Rcf8 27.Rh5 Rf5 28.Bxg5 Rxg5 29.Rh3 Be8
30.f4 Bg6 31.Qd2 Be4 32.Bh5 Bf5 33.Rh4 Rxh5 34.Rxh5 Bg4 35.Rdh1 Bxh5 36.Rxh5 Qf7
37.Qe2 Qg6 38.b4 a6 39.Rh4 Kh8 40.Rh1 Kg8 41.Rf1 Qf5 42.Kg2 h5 43.Rh1 g6
44.Rf1 Kg7 45.Rf3 Qg4 46.Re3 Rxf4 47.Rf3 Rxf3 48.Qxf3 Qxf3+ 49.Kxf3 g5 50.Ke3 Kg6
51.Kf2 Kf5 52.Kf3 g4+ 53.Ke3 Kg5 54.Kf2 h4  0-1

[Event "Brno Open 2012"]
[Site "Brno CZE"]
[Date "2012.11.11"]
[Round "2"]
[White "Baraniuk,Andrej"]
[Black "Zejda,K"]
[Result "0-1"]
[WhiteElo "1661"]
[BlackElo "1833"]

1.Nf3 d5 2.c4 e6 3.Nc3 Nf6 4.e3 Be7 5.d4 Nbd7 6.Bd3 O-O 7.O-O b6 8.cxd5 exd5
9.Bd2 Bb7 10.Rc1 a6 11.Re1 Ne4 12.Qc2 Ndf6 13.Ne5 Bd6 14.f4 c5 15.b3 cxd4
16.exd4 Ba3 17.Rcd1 Rc8 18.Bxe4 dxe4 19.Qb1 Qxd4+ 20.Re3 Rxc3  0-1

[Event "Brno Open 2012"]
[Site "Brno CZE"]
[Date "2012.11.11"]
[Round "2"]
[White "Kubat,P"]
[Black "Snorek,M"]
[Result "0-1"]
[WhiteElo "1899"]
[BlackElo "2173"]

1.Nf3 d5 2.c4 dxc4 3.Qa4+ c6 4.Qxc4 Nf6 5.b3 Bf5 6.d3 e6 7.Bb2 b5 8.Qc2 Bb4+
9.Nbd2 O-O 10.g3 Qb6 11.e4 Bg6 12.Be2 Rd8 13.a3 Be7 14.Ne5 a5 15.h4 Bc5 16.Rh2 h6
17.Rc1 Na6 18.Nxg6 fxg6 19.e5 Nd5 20.Ne4 Bd4 21.h5 g5 22.Bg4 Nac7 23.Nc5 Bxc5
24.Qxc5 Qxc5 25.Rxc5 Ne7 26.Ke2 Na6 27.Bxe6+ Kh8 28.Rc1 c5 29.f4 gxf4 30.gxf4 Rf8
31.Rf2 Nf5 32.Kf3 Rad8 33.Bxf5 Rxf5 34.Kg4 Rf7 35.Rf3 Rd5 36.f5 Kg8 37.Re1 Re7
38.f6 gxf6 39.exf6 Rg5+ 40.Kh4 Rxe1  0-1

[Event "TCh-CZE Div1 Vychod 2012-13"]
[Site "Czech Republic CZE"]
[Date "2012.11.11"]
[Round "2.2"]
[White "Piza,V"]
[Black "Malinovsky,K"]
[Result "0-1"]
[WhiteElo "2257"]
[BlackElo "2396"]

1.Nf3 d5 2.c4 e6 3.b3 Nf6 4.g3 Be7 5.Bg2 O-O 6.O-O d4 7.e3 c5 8.exd4 cxd4
9.d3 Nc6 10.Re1 Re8 11.Na3 Bb4 12.Re2 Bc3 13.Rb1 e5 14.Nc2 e4 15.Nfe1 Bg4
16.f3 exf3 17.Rxe8+ Qxe8 18.Nxf3 Qd7 19.Qf1 Re8 20.b4 Ne5 21.Bg5 Bxf3 22.Bxf3 Qf5
23.Bxf6 Nxf3+ 24.Kg2 Qh5  0-1

[Event "FIDE WCh Women World Cup"]
[Site "Khanty-Mansiysk RUS"]
[Date "2012.11.11"]
[Round "1.1"]
[White "Kovalevskaya,E"]
[Black "Galliamova,A"]
[Result "1/2-1/2"]
[WhiteElo "2409"]
[BlackElo "2468"]

1.Nf3 d5 2.c4 dxc4 3.e3 e6 4.Bxc4 c5 5.O-O Nc6 6.Qe2 a6 7.Rd1 Nf6 8.d4 Qc7
9.Nc3 Be7 10.dxc5 Bxc5 11.a3 Bd6 12.b4 Ne5 13.Nxe5 Bxe5 14.Bb2 Bxh2+ 15.Kh1 Be5
16.f4 Bxc3 17.Bxc3 b5 18.Bxf6 gxf6 19.Bd3 f5 20.Rac1 Qe7 21.e4 Qh4+ 22.Kg1 Qxf4
23.exf5 Qd4+ 24.Kf1 Qf4+ 25.Kg1 Qd4+ 26.Kf1 Qf4+ 27.Kg1 Qd4+ 28.Kf1  1/2-1/2

[Event "38th ch-BAN 2012"]
[Site "Dhaka BAN"]
[Date "2012.11.12"]
[Round "5.7"]
[White "Rahman,Zia"]
[Black "Reefat,S"]
[Result "1-0"]
[WhiteElo "2525"]
[BlackElo "2438"]

1.Nf3 d5 2.c4 c6 3.e3 Nf6 4.d4 a6 5.Bd3 e6 6.b3 Nbd7 7.O-O Bd6 8.Bb2 c5 9.Nbd2 cxd4
10.exd4 b6 11.Ne5 Bb7 12.Qe2 O-O 13.Rad1 Qe7 14.Bb1 Rac8 15.Qd3 g6 16.Qh3 Ba3
17.Ba1 Nxe5 18.dxe5 Nh5 19.cxd5 Bxd5 20.Be4 Rfd8 21.Qg4 Qb4 22.h3 Rc7 23.Nc4 Rcd7
24.Bxd5 Rxd5 25.Qf3 b5 26.Bc3 Qf8 27.Rxd5 Rxd5 28.Nb6 Rd8 29.g4 Bc5 30.Ba5 Ng7
31.Rd1 Qe7 32.Rxd8+ Qxd8 33.Na4 Qxa5 34.Nxc5 Qd8 35.Nxa6 Ne8 36.Qc6  1-0

[Event "WY BU16 2012"]
[Site "Maribor SLO"]
[Date "2012.11.12"]
[Round "5.12"]
[White "Nuri,M"]
[Black "Lkhagvasuren,Tsedvee"]
[Result "1/2-1/2"]
[WhiteElo "2145"]
[BlackElo "2302"]

1.Nf3 d5 2.c4 dxc4 3.Na3 c5 4.Nxc4 Nf6 5.g3 b6 6.Bg2 Bb7 7.O-O e6 8.d4 cxd4
9.Qxd4 Nc6 10.Qh4 b5 11.Na3 Bxa3 12.bxa3 Nd5 13.Qg4 Qf6 14.Bg5 Qf5 15.Qxf5 exf5
16.Nh4 Nd4 17.Rfd1 Nxe2+ 18.Kf1 Nec3 19.Rd3 Ne4 20.Nxf5 Nxg5 21.Nd6+ Kf8
22.Nxb7 Nb6 23.f4 Ne6 24.f5 Nc7 25.Rad1 Ne8 26.Nc5 Rc8 27.Nd7+ Nxd7 28.Rxd7 Nf6
29.Rd8+ Ke7 30.Rxh8 Rxh8 31.Rc1 Rd8 32.Ke2 Rd4 33.Rc7+ Rd7 34.Rc6 Rd6 35.Rc7+ Rd7
36.Rc6 Rd6  1/2-1/2

[Event "WY BU16 2012"]
[Site "Maribor SLO"]
[Date "2012.11.12"]
[Round "5.10"]
[White "Samdanov,S"]
[Black "Sanzhaev,D"]
[Result "1/2-1/2"]
[WhiteElo "2227"]
[BlackElo "2319"]

1.Nf3 d5 2.c4 c6 3.d4 Nf6 4.Qc2 e6 5.Bg5 Nbd7 6.Nbd2 Be7 7.e3 O-O 8.Bd3 h6
9.Bh4 c5 10.Bxf6 Nxf6 11.dxc5 dxc4 12.Qxc4 Bxc5 13.Qxc5 Qxd3 14.Qc4 Qg6 15.O-O b6
16.Rac1 Bb7 17.Qc7 Ba6 18.Rfe1 Rfc8 19.Qf4 Qd3 20.Qd4 Qg6 21.Qa4 Rxc1 22.Rxc1 Bb7
23.h3 a6 24.Qd4 b5 25.a3 Bd5 26.Nh4 Qh5 27.Ndf3 Bxf3 28.Nxf3 Qd5 29.Rc5 Qb7
30.Ne5 Nd5 31.e4 Nf4 32.Qe3 Qe7 33.b4 Qf6 34.Kh2 Ng6 35.Nxg6 Qxg6 36.Qf3 Qf6
37.Qxf6 gxf6 38.f3 Kg7 39.h4 Kg6 40.h5+ Kg7 41.Kg3 Kf8 42.Kf4 Kg7 43.g4 Ra7
44.e5 fxe5+ 45.Kxe5 Rd7 46.Rc6 Rd3 47.Rxa6 Rxf3 48.Ra5 Rg3 49.Rxb5 Rxa3 50.Kd6 Rb3
51.Rb8 Kf6 52.Kc5 Rc3+ 53.Kb5 Rg3 54.Rg8 Ke5 55.Kc6 f5 56.g5 hxg5 57.b5 Rc3+
58.Kb7 Rh3 59.Rxg5 Kf6 60.Rg6+ Kf7 61.Rg5 f4 62.Kc6 Kf6 63.Rg8 Kf7 64.Rg5 Kf6
65.Rg8 Kf7 66.Rg4 e5 67.Kd5 Kf6 68.b6 Rxh5 69.Rg8 e4+ 70.Kxe4 Rb5 71.Rb8 Ke6
72.b7 Kd7 73.Rh8 Rxb7 74.Rh7+ Kc6 75.Rxb7 Kxb7 76.Kxf4  1/2-1/2

[Event "WY GU18 2012"]
[Site "Maribor SLO"]
[Date "2012.11.12"]
[Round "6"]
[White "Varga,Kl"]
[Black "Baraeva,M"]
[Result "1-0"]
[WhiteElo "2191"]
[BlackElo "2161"]

1.c4 d5 2.Nf3 c6 3.g3 Nf6 4.Bg2 dxc4 5.Na3 g6 6.Nxc4 Bg7 7.O-O O-O 8.d3 Nbd7
9.Bg5 h6 10.Bd2 Nd5 11.Qc1 Kh7 12.h4 N7b6 13.Na5 Na4 14.Rb1 Re8 15.e4 Nc7
16.Qc4 Nxb2 17.Rxb2 Bxb2 18.Qxf7+ Bg7 19.Bxh6 Kxh6 20.Qf4+ Kh7 21.Ng5+ Kg8
22.Qf7+ Kh8 23.Qxg6 Kg8 24.Nc4 Qd4 25.e5 Qd7 26.Be4 e6 27.h5 Kf8 28.Nh7+ Ke7
29.Qg5+ Kf7 30.Nd6+ Kg8 31.Nf6+  1-0

[Event "WY BU14 2012"]
[Site "Maribor SLO"]
[Date "2012.11.12"]
[Round "6.14"]
[White "Tari,A"]
[Black "Xu,Minghui"]
[Result "1/2-1/2"]
[WhiteElo "2295"]
[BlackElo "2112"]

1.Nf3 d5 2.c4 dxc4 3.e3 Nf6 4.Bxc4 c5 5.O-O e6 6.Qe2 Be7 7.Rd1 Nc6 8.Nc3 a6
9.d4 cxd4 10.exd4 O-O 11.a4 Nb4 12.Bg5 Bd7 13.Ne5 Rc8 14.Bb3 Bc6 15.Nxc6 Rxc6
16.Bxf6 Bxf6 17.d5 exd5 18.Nxd5 Qe8 19.Qxe8 Rxe8 20.Nxb4 Rb6 21.Rd7 Rf8 22.Rxf7 Rxf7
23.Rc1 g5 24.Rc7 Rxb4 25.Bxf7+ Kf8 26.b3 Be5 27.Rd7 Rd4 28.Rxd4 Bxd4 29.Be6 a5
30.g3 Ke7  1/2-1/2

[Event "Brno Open 2012"]
[Site "Brno CZE"]
[Date "2012.11.13"]
[Round "4"]
[White "Kubat,P"]
[Black "Hofirek,Benedikt"]
[Result "0-1"]
[WhiteElo "1899"]
[BlackElo "2094"]

1.Nf3 d5 2.c4 c6 3.Qc2 Nf6 4.b3 Bg4 5.Bb2 Nbd7 6.d3 e6 7.Nbd2 Bd6 8.h3 Bxf3
9.Nxf3 O-O 10.e4 e5 11.a3 a5 12.g3 d4 13.h4 b5 14.Bh3 bxc4 15.Qxc4 c5 16.a4 Rb8
17.Rb1 Nb6 18.Qc2 c4 19.bxc4 Nfd7 20.O-O Nc5 21.Ba3 Nbxa4 22.Rxb8 Qxb8 23.Rb1 Qc7
24.Bf1 Nc3 25.Ra1 a4 26.Nd2 Rb8 27.Ra2 Nb3 28.Nxb3 axb3 29.Qb2 Bxa3 30.Rxa3 Nd1
31.Qc1 b2  0-1

[Event "22nd World Seniors Women"]
[Site "Kamena Vourla GRE"]
[Date "2012.11.13"]
[Round "1.10"]
[White "Bogumil,T"]
[Black "Afanasieva,E"]
[Result "1-0"]
[WhiteElo "2101"]
[BlackElo "1605"]

1.Nf3 d5 2.c4 Nf6 3.g3 Bg4 4.Bg2 c6 5.O-O Nbd7 6.d4 e6 7.Nc3 Be7 8.h3 Bxf3
9.Bxf3 O-O 10.e4 dxc4 11.a4 a5 12.Qe2 e5 13.d5 Rc8 14.Rd1 cxd5 15.exd5 Qb6
16.Nb5 Ne8 17.d6 Nxd6 18.Nxd6 Bxd6 19.Qd2 Bc5 20.Qxd7 Bxf2+ 21.Kg2 Bd4 22.Qxb7 Rb8
23.Qxb6 Rxb6 24.Ra2 Rfb8 25.Bd5 Rxb2+ 26.Bxb2 c3 27.Bxc3 Bxc3 28.Rf2 Rf8
29.Rxf7 Rxf7 30.Rf1  1-0

[Event "FIDE WCh Women World Cup"]
[Site "Khanty-Mansiysk RUS"]
[Date "2012.11.13"]
[Round "1.4"]
[White "Kovalevskaya,E"]
[Black "Galliamova,A"]
[Result "0-1"]
[WhiteElo "2409"]
[BlackElo "2468"]

1.Nf3 d5 2.c4 c6 3.e3 Nf6 4.Nc3 g6 5.d4 Bg7 6.Bd3 O-O 7.O-O b6 8.Ne5 Nfd7
9.f4 Nxe5 10.fxe5 dxc4 11.Bxc4 Ba6 12.Bxa6 Nxa6 13.Qa4 Qc8 14.Bd2 Qb7 15.Rac1 c5
16.Ne2 Rac8 17.Qb3 Rcd8 18.Bc3 cxd4 19.exd4 Nc7 20.Bd2 Bxe5 21.Bg5 Bf6 22.Bxf6 exf6
23.Rxf6 Ne6 24.Rd1 Qe4 25.Ng3 Qh4 26.Rxe6 fxe6 27.Qxe6+ Rf7 28.d5 Qe7 29.Qc6 Rd6
30.Qc3 Qf6 31.Qd2 Qf4 32.Qd3 Re7 33.Qc2 Rxd5 34.Qc8+ Kg7 35.Rf1 Qd4+ 36.Kh1 Rf7
37.Rxf7+ Kxf7 38.h3 Qe5 39.Kh2 h5 40.Qc4 Kg7 41.h4 Rd4  0-1

[Event "15th Mukachevo Rating 2012"]
[Site "Mukachevo UKR"]
[Date "2012.11.13"]
[Round "11.3"]
[White "Sevostianov,P"]
[Black "Volovikov,An"]
[Result "0-1"]
[WhiteElo "2298"]
[BlackElo "2365"]

1.Nf3 d5 2.c4 dxc4 3.Qa4+ c6 4.Qxc4 Nf6 5.g3 Bf5 6.d3 Nbd7 7.Bg2 e5 8.O-O Be7
9.b3 O-O 10.Bb2 e4 11.Nh4 Be6 12.Qc2 g5 13.dxe4 gxh4 14.e5 h3 15.Bf3 Ng4
16.Qe4 Ndxe5 17.Bxg4 Nxg4 18.Nc3 Qd2 19.Rab1 Rad8 20.Qa4 b5 21.Qxa7 Rd7 22.Qa6 b4
23.Rfd1 Qc2 24.Rdc1 Qf5 25.Ra1  0-1

[Event "Brno Open 2012"]
[Site "Brno CZE"]
[Date "2012.11.14"]
[Round "5"]
[White "Burdalev,K"]
[Black "Cherednichenko,E"]
[Result "1-0"]
[WhiteElo "2334"]
[BlackElo "2172"]

1.Nf3 d5 2.c4 e6 3.g3 Nf6 4.Bg2 Be7 5.O-O O-O 6.b3 b6 7.Bb2 Bb7 8.d3 c5 9.e3 Nc6
10.Nbd2 dxc4 11.Nxc4 Nb4 12.d4 cxd4 13.Bxd4 Be4 14.Ne1 Bxg2 15.Kxg2 Nc6 16.Bb2 Qxd1
17.Rxd1 Rfd8 18.Nd3 Ne4 19.Kf3 Nc5 20.Nxc5 Bxc5 21.Ke2 Kf8 22.Rxd8+ Rxd8
23.Rc1 f6 24.a3 Rc8 25.g4 b5 26.Nd2 Bb6 27.Ne4 Ne7 28.Rxc8+ Nxc8 29.Kd3 Ke7
30.a4 bxa4 31.bxa4 Kd7 32.h4 Nd6 33.Nxd6 Kxd6 34.h5 a6 35.h6 gxh6 36.Bxf6 Ba5
37.Bg7 Kc5 38.Bf8+ Kd5 39.Bxh6 Be1 40.f4 Kc5 41.Bf8+ Kb6 42.Kc4 Bd2 43.Bc5+ Kc6
44.f5 exf5 45.gxf5 Kd7 46.Kd5 Bc3 47.e4 h5 48.Bf2 Bf6 49.e5 Bg5 50.f6 h4
51.e6+ Ke8 52.f7+ Kf8 53.Bc5+  1-0

[Event "Brno Open 2012"]
[Site "Brno CZE"]
[Date "2012.11.14"]
[Round "6"]
[White "Kubat,P"]
[Black "Styblo,M"]
[Result "0-1"]
[WhiteElo "1899"]
[BlackElo "2237"]

1.Nf3 d5 2.c4 e6 3.g3 c5 4.Qc2 Nf6 5.Bg2 Nc6 6.a3 Be7 7.O-O O-O 8.d3 d4 9.e3 a5
10.exd4 cxd4 11.Re1 Nd7 12.Bf4 Nc5 13.Be5 f6 14.Bf4 e5 15.Bc1 Bf5 16.Bf1 Qd7
17.Nbd2 Bg4 18.Bg2 Qf5 19.Re4 Nxe4 20.dxe4 Qd7 21.Qd3 a4 22.Nh4 Be6 23.Nf5 Na5
24.Bf1 Rac8 25.Bh3 g6 26.Nxe7+ Qxe7 27.Bxe6+ Qxe6 28.b3 axb3 29.Bb2 Nxc4
30.Qxb3 Qb6 31.Rb1 Qxb3 32.Nxb3 Nxb2 33.Rxb2 Rfd8 34.Kf1 d3 35.f4 Rc2 36.Rb1 Rxh2
37.Kg1 Ra2 38.fxe5 fxe5 39.Kf1 Rxa3 40.Ke1 Ra2 41.Nd2 Rc8 42.g4 Rcc2 43.Nf3 Re2+
44.Kd1 Rf2  0-1

[Event "WY BU14 2012"]
[Site "Maribor SLO"]
[Date "2012.11.14"]
[Round "7.6"]
[White "Williams,Justus D"]
[Black "Ali Marandi,C"]
[Result "0-1"]
[WhiteElo "2230"]
[BlackElo "2367"]

1.Nf3 d5 2.c4 c6 3.g3 Bg4 4.Bg2 e6 5.b3 Nd7 6.Bb2 Ngf6 7.O-O Bd6 8.d3 O-O
9.Qc2 e5 10.Nbd2 Re8 11.Rfe1 Qb6 12.d4 exd4 13.cxd5 cxd5 14.Bxd4 Qa6 15.e3 Rac8
16.Qb1 Bh5 17.Bf1 Qa5 18.a3 Bg6 19.Bd3 Ne4 20.b4 Qa4 21.Qb3 Qxb3 22.Nxb3 Nd2
23.Nfxd2 Bxd3 24.Rac1 b6 25.f4 Nb8 26.Bb2 f6 27.Kf2 Nc6 28.Nd4 Nxd4 29.Bxd4 a5
30.Bxb6 axb4 31.a4 Bc2 32.Ra1 b3 33.Bd4 Bb4 34.Ke2 Bc3 35.Bxc3 Rxc3  0-1

[Event "Brno Open 2012"]
[Site "Brno CZE"]
[Date "2012.11.15"]
[Round "7"]
[White "Ivanov,MM"]
[Black "Halldorsson,J"]
[Result "1-0"]
[WhiteElo "2381"]
[BlackElo "2196"]

1.Nf3 d5 2.c4 c6 3.g3 Bg4 4.Bg2 Nd7 5.cxd5 cxd5 6.Nc3 e6 7.d3 Ngf6 8.O-O Be7
9.a4 O-O 10.a5 a6 11.Bf4 Rc8 12.Qb3 Nc5 13.Qa2 Bxf3 14.Bxf3 Bd6 15.Bd2 Qe7
16.Rfc1 Ncd7 17.Bg2 Ne5 18.Na4 Nc6 19.Nb6 Rcd8 20.Qa4 Nd7 21.Nxd7 Rxd7 22.Rc2 Bb4
23.Bc3 Bc5 24.Rac1 Ba7 25.e3 Bb8 26.b4 Be5 27.Bxe5 Nxe5 28.Qb3 Nc6 29.Rc5 Rfd8
30.d4 Kf8 31.Bf1 Na7 32.h4 h6 33.Qc2 Kg8 34.Bd3 Rd6 35.Qa4 Kf8 36.Kg2 Qe8
37.Qd1 Nc6 38.Qd2 Ne7 39.b5 Ra8 40.bxa6 bxa6 41.Qc2 Rdd8 42.Rb1 Nc8 43.Rc6 Rd6
44.Rxd6 Nxd6 45.Qc5 Qe7 46.Rb6 Nc4 47.Bxc4 Qxc5 48.dxc5 dxc4 49.Kf3 Rc8 50.c6 c3
51.Ke2 Ke7 52.Kd3 Kd6 53.Rxa6 c2 54.Kxc2 Rxc6+ 55.Rxc6+ Kxc6 56.Kd3 Kb5 57.Kd4  1-0

[Event "US Chess League KO Final 2012"]
[Site "ICC INT"]
[Date "2012.11.15"]
[Round "1"]
[White "Orlov,G"]
[Black "Holt,C"]
[Result "1-0"]
[WhiteElo "2469"]
[BlackElo "2496"]

1.Nf3 d5 2.c4 c6 3.e3 Bf5 4.Qb3 Qc7 5.cxd5 cxd5 6.Nc3 e6 7.d4 Nc6 8.Bd2 Nf6
9.Rc1 Be7 10.Ne5 O-O 11.Be2 Rfc8 12.O-O Nxe5 13.dxe5 Qxe5 14.Qxb7 Bf8 15.Na4 Bc2
16.Bc3 Qe4 17.Bd4 Ne8 18.Nc3 Qg6 19.h4 Rcb8 20.Qa6 Bf5 21.h5 Qg5 22.f4 Qh4
23.Nb5 Qd8 24.Rc6 Be4 25.Nc3 Nd6 26.Nxe4 Nxe4 27.f5 exf5 28.Rxf5 Ng3 29.Rf4 Nxe2+
30.Qxe2 Rc8 31.Rcf6 Rc1+ 32.Kh2 Bd6 33.Qg4 Bxf4+ 34.Rxf4 Qf8 35.Qf5 Rc6 36.Rg4 g6
37.hxg6 Qh6+ 38.Kg1 hxg6 39.Qxd5 Rac8 40.Rf4 Rc1+ 41.Kf2 R1c7 42.Kg3 Re8
43.Rh4 Rxe3+ 44.Kg4 Qxh4+ 45.Kxh4 Re8 46.g4 Rc2 47.Qd6 Rc1 48.Qf6 Rh1+ 49.Kg3 Rh7
50.Bxa7 Kf8 51.Bc5+ Kg8 52.Bd4 Kf8 53.a4 Rh1 54.Bc5+ Kg8 55.a5 Rd1 56.Bd4 Kf8
57.a6 Rd3+ 58.Kh4 g5+ 59.Qxg5 Rxd4 60.Qc5+ Kg7 61.Qxd4+ Kg6 62.a7 f5 63.gxf5+ Kh6
64.Qf6+  1-0

[Event "WY GU18 2012"]
[Site "Maribor SLO"]
[Date "2012.11.16"]
[Round "9.5"]
[White "Aranaz Murillo,A"]
[Black "Klek,H"]
[Result "0-1"]
[WhiteElo "2244"]
[BlackElo "2254"]

1.Nf3 d5 2.c4 d4 3.b4 f6 4.e3 e5 5.c5 a5 6.Bb5+ c6 7.Bc4 axb4 8.Nxe5 Nh6
9.Nd3 Bf5 10.O-O dxe3 11.dxe3 Bxd3 12.Bxd3 Na6 13.Qc2 Nxc5 14.Bxh7 Bd6 15.Bg6+ Kf8
16.Nd2 f5 17.g3 Qf6 18.Bh5 Qxa1 19.Bb2 Qxa2 20.Ra1 Qxa1+ 21.Bxa1 Rxa1+ 22.Kg2 Ne6
23.Nc4 Ke7 24.Nxd6 Kxd6 25.Qd2+ Kc7 26.Qxb4 c5 27.Qb2 Ra6 28.Bf3 Rb6 29.Qe5+ Rd6
30.Bd5 Re8 31.Bxb7 g5 32.Kg1 Ng4 33.Qxf5 Rd1+ 34.Kg2 Nxe3+ 35.fxe3 Rd2+ 36.Kh3 Kxb7
37.Qf7+ Nc7 38.Qb3+ Kc8 39.Qc4 Rd5 40.e4 Rde5 41.Kg2 g4  0-1

[Event "WY GU18 2012"]
[Site "Maribor SLO"]
[Date "2012.11.17"]
[Round "10.1"]
[White "Pustovoitova,D"]
[Black "Goryachkina,A"]
[Result "0-1"]
[WhiteElo "2269"]
[BlackElo "2378"]

1.Nf3 d5 2.c4 c6 3.e3 Nf6 4.Qc2 e6 5.b3 Nbd7 6.Bb2 dxc4 7.bxc4 b6 8.Be2 Bb7
9.d3 c5 10.Nc3 Be7 11.O-O O-O 12.h3 Qc7 13.Nd2 a6 14.Rab1 Rfd8 15.Ba1 Rab8
16.Qb2 Bf8 17.f4 Bc6 18.a4 Rb7 19.e4 Ne8 20.e5 f5 21.exf6 Ndxf6 22.Qc2 Nd6
23.Bg4 Nf5 24.Bxf5 exf5 25.Ne2 Qd6 26.Nc1 Ne8 27.Be5 Qd7 28.Ra1 Bd6 29.Bb2 Nc7
30.Ne2 Ne6 31.g3 Bb8 32.Ra3 Qf7 33.Kh2 Qh5 34.Ng1 Re7 35.Ndf3 Rde8 36.Be5 Bxe5
37.Nxe5 Nd4 38.Qd1 Qh6 39.Ra2 Ba8 40.Rb2 g5 41.fxg5 Qg7  0-1

[Event "WY BU18 2012"]
[Site "Maribor SLO"]
[Date "2012.11.17"]
[Round "10.6"]
[White "Gabuzyan,H"]
[Black "Bukavshin,I"]
[Result "1-0"]
[WhiteElo "2500"]
[BlackElo "2505"]

1.Nf3 d5 2.c4 e6 3.g3 dxc4 4.Qa4+ Nd7 5.Qxc4 a6 6.Bg2 b5 7.Qc6 Rb8 8.O-O Nf6
9.Qc2 c5 10.a4 Be7 11.d4 Bb7 12.dxc5 Bxc5 13.axb5 axb5 14.Bf4 Rc8 15.Qd3 b4
16.Nbd2 O-O 17.Nb3 Be4 18.Qb5 Bc6 19.Qa6 Nd5 20.Ne5 Nxe5 21.Bxe5 Be7 22.Nd4 Bd7
23.Rfd1 Qe8 24.Qb7 Nf6 25.Ra6 Rc4 26.Nc6 Bc5 27.Bxf6 Bc8 28.Qb5 Rc2 29.Be4 b3
30.Rd8 Bxa6 31.Qxa6 gxf6 32.Rxe8 Rc1+ 33.Kg2 Rxe8 34.Qb7 Rc2 35.Qd7 Kf8 36.Bxc2 bxc2
37.Qd2 Rc8 38.Qxc2 Rxc6 39.b4 Bxb4 40.Qxc6 Kg7 41.Kh1  1-0

[Event "TCh-HUN 2012-13"]
[Site "Decs HUN"]
[Date "2012.11.18"]
[Round "4"]
[White "Toth,Sar"]
[Black "Korpa,B"]
[Result "0-1"]
[WhiteElo "2150"]
[BlackElo "2336"]

1.Nf3 d5 2.c4 d4 3.b4 f6 4.e3 e5 5.c5 a5 6.Bc4 axb4 7.Nxe5 fxe5 8.Qh5+ Kd7
9.Bxg8 Qe7 10.Bb3 Kd8 11.O-O Nc6 12.Bb2 g6 13.Qe2 Bg7 14.d3 Re8 15.a3 Be6
16.Nd2 Bxb3 17.Nxb3 bxa3 18.Rxa3 Rxa3 19.Bxa3 Qe6 20.Rb1 Kd7 21.Nd2 Ra8 22.Nc4 Na5
23.Nd2 Qa2 24.Qg4+ Ke7 25.c6+ Qxa3 26.Qd7+ Kf8 27.cxb7 Nxb7 28.Rxb7 Qxd3
29.Nf1 Qf5 30.Qxc7 Qf6 31.exd4 exd4 32.Qc5+ Kg8 33.Qd5+ Kh8 34.Rxg7 Rf8 35.Rxh7+ Kxh7
36.Qd7+ Rf7 37.Qh3+ Kg7 38.Qg3 d3 39.h3 Qd4 40.Nd2 Re7 41.Qf3 Re2 42.Nb3 Qb6  0-1

[Event "22nd World Seniors Women"]
[Site "Kamena Vourla GRE"]
[Date "2012.11.18"]
[Round "6.1"]
[White "Fatalibekova,E"]
[Black "Beltz,M"]
[Result "1-0"]
[WhiteElo "2266"]
[BlackElo "2097"]

1.Nf3 d5 2.c4 e6 3.Qc2 f5 4.d3 Nf6 5.g3 c6 6.Bg2 Bd6 7.O-O O-O 8.Nc3 Qe8
9.e4 fxe4 10.dxe4 Qh5 11.Qd1 e5 12.cxd5 cxd5 13.Nxd5 Nxe4 14.Ne3 Be6 15.Nh4 Nxg3
16.hxg3 Qf7 17.Qxd6 Nc6 18.Qxe6  1-0